| 000 | 00375cam a2200169ua 4500 | ||
|---|---|---|---|
| 001 | 2942 | ||
| 008 | 020101n ii |||gr||||Z||||||eng | ||
| 040 | _aMAIN | ||
| 041 | _aEnglish | ||
| 082 | _bGAU | ||
| 100 | _aGaur V P. | ||
| 245 | _aIncome Tax Law And Practice | ||
| 250 | _aThirtySeventh. | ||
| 260 |
_aLudhiana: _bkalyani Publishers. |
||
| 300 | _a6/96. | ||
| 942 | _cBK | ||
| 999 |
_c2938 _d2938 |
||